000 00274nam a2200109Ia 4500
008 220204s9999 xx 000 0 und d
082 _a658.21
_bTOW
100 _aTownroe, Peter
245 0 _aPlanning industrial location
260 _aLondon
_bLeonard Hill
_c1976
942 _cBK
999 _c33109
_d33109